Virtualization and Cloud, Security Threats and Defense Practices (Record no. 8494)
[ view plain ]
| 000 -LEADER | |
|---|---|
| fixed length control field | 01169cam a22001934a 4500 |
| 005 - ΗΜΕΡΟΜΗΝΙΑ ΚΑΙ ΩΡΑ ΤΕΛΕΥΤΑΙΑΣ ΕΝΗΜΕΡΩΣΗΣ | |
| Πεδίο ελέγχου | 20250605164337.0 |
| 008 - FIXED-LENGTH DATA ELEMENTS--GENERAL INFORMATION | |
| Πεδίο ελέγχου σταθερού μήκους | 250528s ||||||||||||||||||||||||d |
| 035 ## - SYSTEM CONTROL NUMBER | |
| System control number | 23484 |
| 040 ## - ΠΗΓΗ ΚΑΤΑΛΟΓΟΓΡΑΦΗΣΗΣ | |
| Φορέας πρωτότυπης καταλογογράφησης | MC Athens Campus Library |
| Γλώσσα καταλογογράφησης | Ελληνικά, Μοντέρνα (1453-) |
| Modifying agency | MC Athens Campus Library |
| Κανόνες περιγραφικής καταλογογράφησης | AACR2 |
| 245 1# - ΤΙΤΛΟΣ ΚΑΙ ΔΗΛΩΣΗ ΥΠΕΥΘΥΝΟΤΗΤΑΣ | |
| Τίτλος | Virtualization and Cloud, Security Threats and Defense Practices |
| 260 ## - PUBLICATION, DISTRIBUTION, ETC. | |
| Date of publication, distribution, etc. | 2016 |
| 300 ## - PHYSICAL DESCRIPTION | |
| Extent | 35 |
| 520 ## - SUMMARY, ETC. | |
| Summary, etc. | Abstract, Acknowledgements, Introduction, Virtualization, System Emulation, Hypervisor, Types of Virtualization, Cloud Service Definition and Models, What is Cloud Computing?, Characteristics of Cloud Computing, Cloud Computing Services, Models in Cloud Computing, Analysis of the Virtualization and Cloud Security Threats, DoS Attacks, Virtual Machine Escape, VM Spawl, Hypervisor Hyperjacking, Guest to Guest Attacks, Unsafe Virtual Machine Migrations, Rootkit Software Attacks, Physical Access and Hardware Attacks, Achieving Security in Virtualization and Cloud Services, Monitoring the Servers, Network Protection, Mitigating DDoS Attacks, Conclusion, Future Work, References. |
| 700 1# - ΠΡΟΣΘΕΤΗ ΑΝΑΓΡΑΦΗ--ΦΥΣΙΚΟ ΠΡΟΣΩΠΟ | |
| Personal name | Lyras Nikolaos |
| 9 (RLIN) | 9049 |
| 700 1# - ΠΡΟΣΘΕΤΗ ΑΝΑΓΡΑΦΗ--ΦΥΣΙΚΟ ΠΡΟΣΩΠΟ | |
| Personal name | Malioukis Spyros |
| 9 (RLIN) | 9050 |
| 942 ## - ADDED ENTRY ELEMENTS (KOHA) | |
| Koha item type | Διπλωματική εργασία |
| Τύπος τεκμηρίου | Βιβλιοθήκη | Τρέχουσα τοποθεσία | Barcode | Ημερομηνία απόκτησης | Ταξιθετικό σύμβολο | Αριθμός αντιτύπου | Κατάσταση απόσυρσης | Κατάσταση χαμένου | Κατάσταση κατεστραμμένου | Μη δανεισμός | Σύνολο δανεισμών | Ημερομηνία τελευταίας εμφάνισης | Η τιμή ισχύει από |
|---|---|---|---|---|---|---|---|---|---|---|---|---|---|
| Διπλωματική εργασία | MC Athens Campus Library | MC Athens Campus Library | 9780000084934 | 05/06/2025 | COMP 2016 (30) | 1 | 05/06/2025 | 05/06/2025 |